[Event "BAN-chB 47th"]
[Site "Dhaka"]
[Date "2022.11.04"]
[Round "9"]
[White "Sadnan Hasan, Dihan"]
[Black "Kazi Zarin, Tasnim"]
[Result "1/2-1/2"]
[WhiteElo "2073"]
[BlackElo "1860"]
[PlyCount "42"]
[EventDate "2022.10.27"]
[EventType "swiss"]
[EventRounds "11"]
[EventCountry "BAN"]
[SourceTitle "EXT 2024"]
[Source "ChessBase"]
[SourceDate "2023.10.10"]
[SourceVersion "1"]
[SourceVersionDate "2023.10.10"]
[SourceQuality "1"]

1. d4 Nf6 2. c4 e6 3. g3 d5 4. Bg2 dxc4 5. Nf3 Bb4+ 6. Nbd2 c5 7. 0-0 Nc6 8. dxc5 0-0 9. Qc2 Bxc5 10. Nxc4 Qe7 11. a3 a5 12. Nce5 Nd4 13. Nxd4 Bxd4 14. Nc4 Ra6 15. Bd2 b6 16. Rab1 Bb7 17. Bxb7 Qxb7 18. e3 Bc5 19. b4 axb4 20. axb4 Be7 21. b5 Raa8 1/2-1/2

[Event "BAN-chB 47th"]
[Site "Dhaka"]
[Date "2022.11.02"]
[Round "7"]
[White "Sadnan Hasan, Dihan"]
[Black "Mukitul, Islam Ripon"]
[Result "0-1"]
[WhiteElo "2073"]
[BlackElo "1914"]
[PlyCount "80"]
[EventDate "2022.10.27"]
[EventType "swiss"]
[EventRounds "11"]
[EventCountry "BAN"]
[SourceTitle "EXT 2024"]
[Source "ChessBase"]
[SourceDate "2023.10.10"]
[SourceVersion "1"]
[SourceVersionDate "2023.10.10"]
[SourceQuality "1"]

1. e4 Nc6 2. Nc3 e5 3. f4 exf4 4. Nf3 g5 5. h3 d6 6. d4 Bg7 7. g3 g4 8. hxg4 Bxg4 9. Bb5 fxg3 10. d5 a6 11. Ba4 Bxc3+ 12. bxc3 b5 13. dxc6 bxa4 14. 0-0 h5 15. Qd4 f6 16. Nh4 Rh7 17. Bf4 g2 18. Rfe1 Kf7 19. Rab1 Ne7 20. Nf5 Kg6 21. Nh4+ Kf7 22. Rb7 Be6 23. Qxa4 a5 24. Nf5 h4 25. Nd4 Qc8 26. Nb5 Kg8 27. Rxc7 Qe8 28. Nxd6 Qg6 29. Qd4 h3 30. Bh2 Qg5 31. a4 Rf8 32. Qe3 Qh5 33. Nb7 f5 34. exf5 Qxf5 35. Qe2 Rg7 36. Bg3 Rxg3 37. Kh2 g1Q+ 38. Rxg1 Rxg1 39. Kxg1 Qg5+ 40. Kh2 Qf4+ 0-1

[Event "BAN-chT"]
[Site "Dhaka"]
[Date "2022.03.15"]
[Round "6.4"]
[White "Sadnan Hasan, Dihan"]
[Black "Hossain, Showkat Pollab"]
[Result "1-0"]
[WhiteElo "2132"]
[BlackElo "1991"]
[PlyCount "163"]
[EventDate "2022.03.10"]
[EventType "team-tourn"]
[EventRounds "11"]
[EventCountry "BAN"]
[SourceTitle "CBM 207 Extra"]
[Source "ChessBase"]
[SourceDate "2022.05.31"]
[SourceVersion "1"]
[SourceVersionDate "2022.05.31"]
[SourceQuality "1"]
[WhiteTeam "Rupali Bank Krira Parisad"]
[BlackTeam "Sheikh Russel"]
[WhiteTeamCountry "BAN"]
[BlackTeamCountry "BAN"]

1. e4 c5 2. Nf3 Nc6 3. Nc3 e5 4. d3 d6 5. g3 Nf6 6. Bg5 h6 7. Bxf6 Qxf6 8. Nd5 Qd8 9. c3 Ne7 10. Nxe7 Bxe7 11. Bg2 0-0 12. 0-0 Qb6 13. Qb3 Qxb3 14. axb3 a6 15. Nd2 Rb8 16. Nc4 Be6 17. Nd2 g5 18. h3 f5 19. Kh2 Kg7 20. exf5 Bxf5 21. Be4 d5 22. Bxf5 Rxf5 23. Kg2 Rd8 24. Rfe1 Bd6 25. Re2 Bc7 26. Nf1 Rf6 27. Ra3 h5 28. g4 hxg4 29. hxg4 Kg6 30. Ng3 Rf4 31. f3 Re8 32. Nh5 Rff8 33. Ra1 Re6 34. Ng3 Rh8 35. Nf5 e4 36. Kg1 Kf6 37. fxe4 dxe4 38. Rf1 Kg6 39. Rfe1 Rhe8 40. Kg2 Bf4 41. dxe4 Rh8 42. Kg1 Kf6 43. Rd1 Rh7 44. Rd8 Rf7 45. e5+ Kg6 46. Rd5 b6 47. b4 cxb4 48. Nd4 Re8 49. cxb4 Rc7 50. Rd6+ Kh7 51. Nf3 Rb7 52. Kg2 Kg7 53. Rd5 Rbe7 54. b3 Kf7 55. Rd6 Re6 56. Rd4 R6e7 57. Rd5 Re6 58. Rd7+ R8e7 59. Rd4 Kg6 60. Rd5 Kf7 61. Re4 Kg6 62. b5 axb5 63. Rxb5 Rc6 64. Nd4 Rc5 65. Rxb6+ Kf7 66. e6+ Kf6 67. Nf5 Rc2+ 68. Kf1 Rc1+ 69. Ke2 Re8 70. e7+ Kf7 71. Ree6 Rc2+ 72. Kd1 Rc1+ 73. Ke2 Rc2+ 74. Kd3 Rd2+ 75. Kc3 Rc8+ 76. Kb4 Rd5 77. Rf6+ Kg8 78. Rg6+ Kh8 79. Rh6+ Kg8 80. Rbg6+ Kf7 81. Rg7+ Ke8 82. Rh8+ 1-0

[Event "Dhaka Al Mahmud Memorial"]
[Site "Dhaka"]
[Date "2022.02.11"]
[Round "7"]
[White "Mrittika, Mallick"]
[Black "Sadnan Hasan, Dihan"]
[Result "1-0"]
[WhiteElo "1666"]
[BlackElo "2152"]
[PlyCount "102"]
[EventDate "2022.02.05"]
[EventType "swiss"]
[EventRounds "9"]
[EventCountry "BAN"]
[SourceTitle "CBM 206 Extra"]
[Source "ChessBase"]
[SourceDate "2022.03.31"]
[SourceVersion "1"]
[SourceVersionDate "2022.03.31"]
[SourceQuality "1"]

1. e4 c5 2. Nf3 d6 3. Bb5+ Bd7 4. Bxd7+ Nxd7 5. 0-0 g6 6. c3 Ngf6 7. Qe2 Bg7 8. d4 cxd4 9. cxd4 d5 10. e5 Ne4 11. Nbd2 Nxd2 12. Bxd2 Nb6 13. b3 0-0 14. a4 f6 15. Bb4 Re8 16. Rfe1 fxe5 17. Nxe5 Nd7 18. Nf3 e5 19. Qb5 exd4 20. Qxd5+ Kh8 21. Ng5 Ne5 22. Rxe5 Rxe5 23. Nf7+ Kg8 24. Qxd8+ Rxd8 25. Nxd8 Re8 26. Nxb7 Rb8 27. Bd2 Rxb7 28. Rb1 Kf7 29. Kf1 Ke6 30. Ke2 Kd5 31. Kd3 Bf8 32. b4 a6 33. b5 Bc5 34. Bb4 Ba7 35. Ba3 Rb8 36. h3 Rb7 37. Re1 Rc7 38. Rc1 Rb7 39. f4 axb5 40. Rb1 Bb8 41. Rb4 Ba7 42. Rxb5+ Rxb5 43. axb5 Bb8 44. Bc1 h5 45. b6 h4 46. Bb2 Bxf4 47. Bxd4 Bg3 48. Bf6 Kc6 49. Bd8 Kd7 50. Bc7 Bf2 51. Ke4 Kc6 1-0

[Event "Dhaka Al Mahmud Memorial"]
[Site "Dhaka"]
[Date "2022.02.10"]
[Round "6"]
[White "Sadnan Hasan, Dihan"]
[Black "Zia, Tahsin Tajwar"]
[Result "1/2-1/2"]
[WhiteElo "2152"]
[BlackElo "2283"]
[PlyCount "50"]
[EventDate "2022.02.05"]
[EventType "swiss"]
[EventRounds "9"]
[EventCountry "BAN"]
[SourceTitle "CBM 206 Extra"]
[Source "ChessBase"]
[SourceDate "2022.03.31"]
[SourceVersion "1"]
[SourceVersionDate "2022.03.31"]
[SourceQuality "1"]

1. a3 Nf6 2. Nf3 d5 3. d4 e6 4. e3 Bd6 5. Nbd2 b6 6. c4 0-0 7. Qc2 Nbd7 8. Bd3 Bb7 9. b3 Qe7 10. Bb2 Rfe8 11. 0-0 e5 12. c5 e4 13. cxd6 cxd6 14. Be2 Rac8 15. Qb1 exf3 16. gxf3 Nh5 17. Bd3 g6 18. a4 a6 19. Rc1 Nf8 20. Kh1 Ne6 21. Rg1 Neg7 22. Qf1 Ra8 23. Rc1 Rec8 24. Ba3 f5 25. Qg2 Kf7 1/2-1/2

[Event "BAN-chB 46th"]
[Site "Dhaka"]
[Date "2021.12.20"]
[Round "6"]
[White "Sadnan Hasan, Dihan"]
[Black "Sakline Mostafa, Sajid"]
[Result "1-0"]
[WhiteElo "2093"]
[BlackElo "1962"]
[PlyCount "127"]
[EventDate "2021.12.15"]
[EventType "swiss"]
[EventRounds "9"]
[EventCountry "BAN"]
[SourceTitle "CBM 206 Extra"]
[Source "ChessBase"]
[SourceDate "2022.03.31"]
[SourceVersion "1"]
[SourceVersionDate "2022.03.31"]
[SourceQuality "1"]

1. e4 c5 2. Nf3 e6 3. d3 Nc6 4. g3 d5 5. Nbd2 Nf6 6. Bg2 Be7 7. 0-0 0-0 8. Re1 Qc7 9. Qe2 a6 10. e5 Nd7 11. Nf1 b5 12. h4 Bb7 13. Bf4 Rfc8 14. N1h2 Nf8 15. Ng4 Qb6 16. Qd2 Qd8 17. h5 Nd4 18. Nfh2 Rab8 19. c3 Nf5 20. Ne3 Nxe3 21. fxe3 a5 22. g4 c4 23. d4 b4 24. Rf1 Bc6 25. e4 a4 26. g5 a3 27. bxa3 bxc3 28. Qe3 Ra8 29. Ng4 Rxa3 30. Qf2 Be8 31. Bc1 Ra5 32. Nf6+ Kh8 33. exd5 exd5 34. Bh3 Bc6 35. g6 fxg6 36. Ng8 Bd7 37. Qf7 Bxh3 38. h6 Ne6 39. Nxe7 Qf8 40. Nxc8 Bxf1 41. Qxe6 Bd3 42. Bg5 Bf5 43. hxg7+ Kxg7 44. Qf6+ Qxf6 45. exf6+ Kg8 46. Nd6 Ra8 47. f7+ Kg7 48. Be7 Bd3 49. a4 c2 50. a5 g5 51. Rc1 c3 52. a6 Bxa6 53. f8Q+ Rxf8 54. Bxf8+ Kxf8 55. Rxc2 Ke7 56. Nf5+ Kf6 57. Ne3 Bd3 58. Rxc3 Be4 59. Rc6+ Ke7 60. Rh6 Kf7 61. Kf2 Kg7 62. Rd6 h5 63. Nxd5 h4 64. Ne3 1-0

[Event "BAN-chB 46th"]
[Site "Dhaka"]
[Date "2021.12.17"]
[Round "3"]
[White "Sadnan Hasan, Dihan"]
[Black "Mohammad, Minhaz Uddin"]
[Result "1/2-1/2"]
[WhiteElo "2093"]
[BlackElo "2259"]
[PlyCount "57"]
[EventDate "2021.12.15"]
[EventType "swiss"]
[EventRounds "9"]
[EventCountry "BAN"]
[SourceTitle "CBM 206 Extra"]
[Source "ChessBase"]
[SourceDate "2022.03.31"]
[SourceVersion "1"]
[SourceVersionDate "2022.03.31"]
[SourceQuality "1"]

1. e4 e5 2. Nc3 Nf6 3. f4 d5 4. fxe5 Nxe4 5. Nf3 Nxc3 6. bxc3 Be7 7. d4 Bg4 8. Bd3 c6 9. 0-0 Nd7 10. Qe1 Be6 11. Qg3 g6 12. Ng5 Bxg5 13. Qxg5 Qxg5 14. Bxg5 h6 15. Bd2 Nb6 16. Rf6 Nc4 17. Bc1 Kd7 18. g4 Rh7 19. Rb1 b6 20. Bf5 gxf5 21. gxf5 Rg8+ 22. Kh1 Bxf5 23. Rxf5 Rg6 24. Bf4 Ke6 25. Rh5 f6 26. Rg1 Rxg1+ 27. Kxg1 fxe5 28. Bxe5 Nxe5 29. Rxe5+ 1/2-1/2

[Event "Dhaka Sheikh Russel op"]
[Site "Dhaka"]
[Date "2021.10.27"]
[Round "9"]
[White "Sourath, Biswas"]
[Black "Sadnan Hasan, Dihan"]
[Result "1-0"]
[WhiteElo "2270"]
[BlackElo "2064"]
[PlyCount "59"]
[EventDate "2021.10.19"]
[EventType "swiss"]
[EventRounds "9"]
[EventCountry "BAN"]
[SourceTitle "EXT 2023"]
[Source "ChessBase"]
[SourceDate "2022.10.05"]
[SourceVersion "1"]
[SourceVersionDate "2022.10.05"]
[SourceQuality "1"]

1. b3 d5 2. Bb2 Nf6 3. Nf3 e6 4. g3 b6 5. Bg2 Bb7 6. 0-0 Nbd7 7. c4 Bd6 8. d3 0-0 9. Nbd2 c5 10. cxd5 exd5 11. e4 d4 12. Nc4 Bc7 13. b4 Ba6 14. Rc1 Rb8 15. bxc5 bxc5 16. Ba3 Re8 17. Nfd2 Ba5 18. h3 Bxd2 19. Qxd2 Bxc4 20. Rxc4 Qb6 21. Rfc1 Rec8 22. Qc2 Qe6 23. f4 Nh5 24. Qf2 Qa6 25. Bb2 Nb6 26. Rxc5 Rxc5 27. Rxc5 Qxd3 28. Qxd4 Qxd4+ 29. Bxd4 Nxg3 30. Kf2 1-0

[Event "Dhaka Sheikh Russel op"]
[Site "Dhaka"]
[Date "2021.10.19"]
[Round "1"]
[White "Mohammad, Nubairshah Shaikh"]
[Black "Sadnan Hasan, Dihan"]
[Result "1-0"]
[WhiteElo "2440"]
[BlackElo "2064"]
[PlyCount "58"]
[EventDate "2021.10.19"]
[EventType "swiss"]
[EventRounds "9"]
[EventCountry "BAN"]
[SourceTitle "CBM 204 Extra"]
[Source "ChessBase"]
[SourceDate "2021.11.30"]
[SourceVersion "1"]
[SourceVersionDate "2021.11.30"]
[SourceQuality "1"]

1. d4 Nf6 2. c4 c5 3. d5 e6 4. Nc3 exd5 5. cxd5 d6 6. e4 g6 7. h3 Bg7 8. Nf3 0-0 9. Bd3 Na6 10. 0-0 Qe7 11. Re1 Nd7 12. Bg5 f6 13. Bh4 g5 14. Bg3 Ne5 15. Nxe5 fxe5 16. a3 Bd7 17. Rb1 Rfc8 18. Qe2 Nb8 19. Nd1 a6 20. Ne3 b5 21. b3 Ra7 22. Rec1 Be8 23. a4 bxa4 24. bxa4 Bxa4 25. Nf5 Qd8 26. h4 Bf8 27. Qg4 Bd7 28. hxg5 Be8 29. f4 Nd7 1-0

[Event "Dhaka Sheikh Hasina op"]
[Site "Dhaka"]
[Date "2021.09.25"]
[Round "7"]
[White "Anata, Choudhury"]
[Black "Sadnan Hasan, Dihan"]
[Result "1-0"]
[WhiteElo "2164"]
[BlackElo "2106"]
[PlyCount "53"]
[EventDate "2021.09.19"]
[EventType "swiss"]
[EventRounds "9"]
[EventCountry "BAN"]
[SourceTitle "CBM 204 Extra"]
[Source "ChessBase"]
[SourceDate "2021.11.30"]
[SourceVersion "1"]
[SourceVersionDate "2021.11.30"]
[SourceQuality "1"]

1. e4 e5 2. Nf3 Nc6 3. Bb5 f5 4. d3 fxe4 5. dxe4 d6 6. Nc3 Nf6 7. Qe2 a6 8. Ba4 b5 9. Bb3 Bg4 10. Be3 Na5 11. h3 Nxb3 12. axb3 Bd7 13. b4 Be7 14. 0-0 0-0 15. Nd2 Qe8 16. Kh2 g5 17. Bxg5 Ng4+ 18. hxg4 Bxg5 19. g3 Qe6 20. Rad1 Rf7 21. Kg2 Raf8 22. Nd5 Bxd2 23. Rxd2 Qxg4 24. Qxg4+ Bxg4 25. f4 exf4 26. Rxf4 Bf3+ 27. Kxf3 1-0

[Event "Dhaka Sheikh Hasina op"]
[Site "Dhaka"]
[Date "2021.09.22"]
[Round "4"]
[White "Sadnan Hasan, Dihan"]
[Black "Subrota, Biswas"]
[Result "1/2-1/2"]
[WhiteElo "2106"]
[BlackElo "2282"]
[PlyCount "38"]
[EventDate "2021.09.19"]
[EventType "swiss"]
[EventRounds "9"]
[EventCountry "BAN"]
[SourceTitle "CBM 204 Extra"]
[Source "ChessBase"]
[SourceDate "2021.11.30"]
[SourceVersion "1"]
[SourceVersionDate "2021.11.30"]
[SourceQuality "1"]

1. Nf3 d5 2. g3 Nc6 3. d4 Bf5 4. a3 e6 5. Bg2 Nf6 6. b3 h6 7. Bb2 Be7 8. Nbd2 0-0 9. 0-0 Ne4 10. Nxe4 Bxe4 11. Ne5 Bxg2 12. Kxg2 Nxe5 13. dxe5 f6 14. Qd3 fxe5 15. Bxe5 Rf5 16. f4 c6 17. a4 Bf6 18. Bxf6 Qxf6 19. Rad1 Rf8 1/2-1/2

[Event "Sheikh Kamal Online Inv"]
[Site "Tornelo INT"]
[Date "2021.08.28"]
[Round "5"]
[White "Ahmed, Walijah"]
[Black "Sadnan Hasan, Dihan"]
[Result "1/2-1/2"]
[WhiteElo "1904"]
[BlackElo "2106"]
[PlyCount "26"]
[EventDate "2021.08.27"]
[EventType "tourn (rapid)"]
[EventRounds "9"]
[EventCountry "BAN"]
[SourceTitle "CBM 204 Extra"]
[Source "ChessBase"]
[SourceDate "2021.11.30"]
[SourceVersion "1"]
[SourceVersionDate "2021.11.30"]
[SourceQuality "1"]

1. e4 c5 2. Nf3 d6 3. Bb5+ Bd7 4. Bxd7+ Nxd7 5. 0-0 g6 6. c3 Ngf6 7. Qe2 Bg7 8. d4 cxd4 9. cxd4 0-0 10. Nc3 a6 11. h3 e6 12. Bg5 h6 13. Bh4 g5 1/2-1/2

[Event "Sheikh Kamal Online Inv"]
[Site "Tornelo INT"]
[Date "2021.08.27"]
[Round "1"]
[White "Sadnan Hasan, Dihan"]
[Black "Tabatabaei, Mohammad Amin"]
[Result "0-1"]
[WhiteElo "2106"]
[BlackElo "2613"]
[PlyCount "69"]
[EventDate "2021.08.27"]
[EventType "tourn (rapid)"]
[EventRounds "9"]
[EventCountry "BAN"]
[SourceTitle "CBM 204 Extra"]
[Source "ChessBase"]
[SourceDate "2021.11.30"]
[SourceVersion "1"]
[SourceVersionDate "2021.11.30"]
[SourceQuality "1"]

1. e4 c5 2. Nf3 d6 3. d4 cxd4 4. Nxd4 Nf6 5. Nc3 Nc6 6. Bc4 Qb6 7. Nxc6 bxc6 8. 0-0 g6 9. Bb3 Bg7 10. Be3 Qc7 11. f3 0-0 12. Qe2 a5 13. Rfd1 Nd7 14. Qf2 Ba6 15. Na4 c5 16. c3 Rab8 17. Rd2 Ne5 18. Rc1 Qc6 19. Qh4 c4 20. Bd1 Bf6 21. Bg5 Bxg5 22. Qxg5 Bb5 23. b3 Bxa4 24. bxa4 Qc5+ 25. Kf1 Nxf3 26. Qxc5 Nxd2+ 27. Ke1 dxc5 28. Kxd2 Rb2+ 29. Rc2 Rd8+ 30. Kc1 Rxc2+ 31. Kxc2 f5 32. exf5 gxf5 33. Be2 e5 34. Bxc4+ Kg7 35. Bb5 0-1

[Event "World Cup U18 Prel"]
[Site "Tornelo INT"]
[Date "2021.08.20"]
[Round "9"]
[White "Grutter, Tim"]
[Black "Sadnan Hasan, Dihan"]
[Result "1/2-1/2"]
[WhiteElo "2253"]
[BlackElo "2106"]
[PlyCount "83"]
[EventDate "2021.08.16"]
[EventType "swiss (rapid)"]
[EventRounds "10"]
[EventCountry "NET"]
[SourceTitle "CBM 203 Extra"]
[Source "ChessBase"]
[SourceDate "2021.09.30"]
[SourceVersion "1"]
[SourceVersionDate "2021.09.30"]
[SourceQuality "1"]

1. e4 c5 2. Nf3 d6 3. d4 cxd4 4. Nxd4 Nf6 5. Nc3 a6 6. g3 e5 7. Nb3 Be7 8. Bg2 Be6 9. a4 Nbd7 10. 0-0 h5 11. h3 Qc8 12. Nd5 Nxd5 13. exd5 Bf5 14. c3 Nf6 15. Kh2 g5 16. Bxg5 Ng4+ 17. hxg4 hxg4+ 18. Bh4 Bxh4 19. gxh4 Qd8 20. Kg1 Qxh4 21. Re1 Qh7 22. Nc1 0-0-0 23. Re3 Rdg8 24. Ne2 Bc2 25. Qd2 f5 26. Qxc2 Qh2+ 27. Kf1 f4 28. Qf5+ Kb8 29. Rxe5 f3 30. Re7 fxg2+ 31. Ke1 g1Q+ 32. Nxg1 Qxg1+ 33. Kd2 Qxa1 34. Rxb7+ Kxb7 35. Qd7+ Kb8 36. Qxd6+ Kc8 37. Qc6+ Kd8 38. Qd6+ Ke8 39. Qe6+ Kd8 40. Qd6+ Ke8 41. Qe6+ Kd8 42. Qd6+ 1/2-1/2

[Event "World Cup U18 Prel"]
[Site "Tornelo INT"]
[Date "2021.08.20"]
[Round "10"]
[White "Sadnan Hasan, Dihan"]
[Black "Mohamed, Anees M"]
[Result "1-0"]
[WhiteElo "2106"]
[BlackElo "2312"]
[PlyCount "53"]
[EventDate "2021.08.16"]
[EventType "swiss (rapid)"]
[EventRounds "10"]
[EventCountry "NET"]
[SourceTitle "CBM 203 Extra"]
[Source "ChessBase"]
[SourceDate "2021.09.30"]
[SourceVersion "1"]
[SourceVersionDate "2021.09.30"]
[SourceQuality "1"]

1. e4 c5 2. Nf3 d6 3. Nc3 Nf6 4. d4 cxd4 5. Nxd4 Nc6 6. Bc4 e6 7. Be3 a6 8. Qe2 Qc7 9. Bb3 Be7 10. 0-0-0 Bd7 11. Rhg1 b5 12. g4 b4 13. Nd5 exd5 14. exd5 Nxd4 15. Bxd4 Bb5 16. Qf3 0-0 17. g5 Nd7 18. Qh5 Ne5 19. Rg3 Bd7 20. Bxe5 dxe5 21. d6 Bxd6 22. g6 h6 23. gxf7+ Kh8 24. Rxg7 Kxg7 25. Rg1+ Kf6 26. Qxh6+ Ke7 27. Qg5# 1-0

[Event "Dhaka Walton op"]
[Site "Dhaka"]
[Date "2021.06.17"]
[Round "3"]
[White "Sadnan Hasan, Dihan"]
[Black "Subrota, Biswas"]
[Result "0-1"]
[WhiteElo "2064"]
[BlackElo "2268"]
[PlyCount "72"]
[EventDate "2021.06.15"]
[EventType "swiss"]
[EventRounds "9"]
[EventCountry "BAN"]
[SourceTitle "EXT 2022"]
[Source "ChessBase"]
[SourceDate "2021.10.06"]
[SourceVersion "1"]
[SourceVersionDate "2021.10.06"]
[SourceQuality "1"]

1. e4 e6 2. c4 d5 3. exd5 exd5 4. cxd5 Nf6 5. Bb5+ Nbd7 6. Nc3 Be7 7. Nf3 0-0 8. 0-0 Nb6 9. h3 a6 10. Be2 Nfxd5 11. d4 Re8 12. Bd3 Be6 13. a3 Nxc3 14. bxc3 c5 15. dxc5 Bxc5 16. Ng5 h6 17. Bh7+ Kf8 18. Qh5 hxg5 19. Bxg5 f6 20. Bxf6 Qxf6 21. Qxc5+ Re7 22. Qxb6 g6 23. Rae1 Kg7 24. Re3 Kxh7 25. Rfe1 Rae8 26. Qd6 Kg7 27. g4 g5 28. f4 gxf4 29. Re5 f3 30. Qd4 Kf7 31. Kf2 Qh4+ 32. Kxf3 Qxh3+ 33. Kf2 Rf8 34. R5e4 Kg8+ 35. Ke2 Bxg4+ 36. Kd2 Rd7 0-1

[Event "Dhaka Bangabandhu op-A"]
[Site "Dhaka"]
[Date "2021.03.15"]
[Round "7"]
[White "Md, Sharif Hossain"]
[Black "Sadnan Hasan, Dihan"]
[Result "1-0"]
[WhiteElo "2117"]
[BlackElo "2072"]
[PlyCount "153"]
[EventDate "2021.03.09"]
[EventType "swiss"]
[EventRounds "9"]
[EventCountry "BAN"]
[SourceTitle "CBM 201 Extra"]
[Source "ChessBase"]
[SourceDate "2021.05.31"]
[SourceVersion "1"]
[SourceVersionDate "2021.05.31"]
[SourceQuality "1"]

1. e4 c5 2. Nf3 d6 3. d4 cxd4 4. Nxd4 Nf6 5. Nc3 a6 6. h3 e5 7. Nde2 h5 8. Bg5 Be6 9. Bxf6 Qxf6 10. Nd5 Bxd5 11. Qxd5 Nc6 12. c3 g6 13. Rd1 Bh6 14. Qxd6 Qxd6 15. Rxd6 Ke7 16. Rd1 Rad8 17. Nc1 f5 18. f3 Bg5 19. Bc4 fxe4 20. fxe4 Rxd1+ 21. Kxd1 Rd8+ 22. Nd3 Nb4 23. cxb4 Rd4 24. Bd5 Rxd3+ 25. Kc2 Rd2+ 26. Kc3 Rxg2 27. Bxb7 Be3 28. Bxa6 Bd4+ 29. Kc4 Rc2+ 30. Kb3 Rxb2+ 31. Ka3 Rg2 32. Bc4 g5 33. Ka4 Rg3 34. Kb5 h4 35. Kc6 g4 36. hxg4 Rxg4 37. Kd5 Rg6 38. Bb5 Rh6 39. Rh3 Rd6+ 40. Kc4 Bf2 41. Kb3 Rd4 42. Bc6 Kd6 43. Bd5 Be1 44. a3 Bg3 45. Kc2 Kc7 46. Rh1 Kb6 47. Kc3 Kc7 48. Rg1 Bf4 49. Rg7+ Kb8 50. Rh7 Bd2+ 51. Kb3 Be1 52. b5 Rd3+ 53. Kb2 Bf2 54. b6 Bd4+ 55. Kb1 Bxb6 56. Rb7+ Kc8 57. Rxb6 Rxa3 58. Rh6 Kc7 59. Rxh4 Kd6 60. Kb2 Rg3 61. Rh5 Re3 62. Kc2 Rg3 63. Rh6+ Kc5 64. Rc6+ Kb4 65. Re6 Rg5 66. Kd3 Kc5 67. Rc6+ Kb5 68. Ke3 Kb4 69. Kf3 Kb5 70. Rc8 Kb4 71. Be6 Rg1 72. Bf5 Ra1 73. Kg4 Rg1+ 74. Kh5 Kb3 75. Rc5 Kb4 76. Rxe5 Kc4 77. Rd5 1-0

[Event "Dhaka Bangabandhu op-A"]
[Site "Dhaka"]
[Date "2021.03.13"]
[Round "5"]
[White "Ahmed, Sk Nasir"]
[Black "Sadnan Hasan, Dihan"]
[Result "1/2-1/2"]
[WhiteElo "2193"]
[BlackElo "2072"]
[PlyCount "39"]
[EventDate "2021.03.09"]
[EventType "swiss"]
[EventRounds "9"]
[EventCountry "BAN"]
[SourceTitle "CBM 201 Extra"]
[Source "ChessBase"]
[SourceDate "2021.05.31"]
[SourceVersion "1"]
[SourceVersionDate "2021.05.31"]
[SourceQuality "1"]

1. c4 e5 2. Nc3 Nf6 3. Nf3 Nc6 4. e3 d5 5. cxd5 Nxd5 6. Qc2 Be6 7. a3 a6 8. b4 Be7 9. Bb2 0-0 10. Be2 f5 11. d3 Nxc3 12. Bxc3 Bf6 13. 0-0 Qd5 14. Rfd1 Qb3 15. Qxb3 Bxb3 16. Rdb1 Ba4 17. Nd2 Rfe8 18. Nb3 Bxb3 19. Rxb3 Nd4 20. Rb2 1/2-1/2

[Event "Dhaka Bangabandhu op-A"]
[Site "Dhaka"]
[Date "2021.03.09"]
[Round "1"]
[White "Sakline Mostafa, Sajid"]
[Black "Sadnan Hasan, Dihan"]
[Result "1/2-1/2"]
[WhiteElo "1564"]
[BlackElo "2072"]
[PlyCount "135"]
[EventDate "2021.03.09"]
[EventType "swiss"]
[EventRounds "9"]
[EventCountry "BAN"]
[SourceTitle "CBM 201 Extra"]
[Source "ChessBase"]
[SourceDate "2021.05.31"]
[SourceVersion "1"]
[SourceVersionDate "2021.05.31"]
[SourceQuality "1"]

1. d4 Nf6 2. c4 g6 3. Nc3 d5 4. cxd5 Nxd5 5. Bd2 Bg7 6. e4 Nxc3 7. Bxc3 c5 8. Nf3 0-0 9. Be2 Bg4 10. d5 e6 11. h3 Bxf3 12. Bxf3 Bxc3+ 13. bxc3 e5 14. 0-0 Qd6 15. Rb1 b6 16. Qa4 Nd7 17. Rfd1 Nf6 18. Rd2 Rfc8 19. c4 Ne8 20. Bg4 Rc7 21. Rdb2 Rd8 22. Qc2 Qf6 23. a4 Nd6 24. a5 bxa5 25. Bf3 Qf4 26. Qc1 Qxc1+ 27. Rxc1 Kf8 28. Ra2 Rb8 29. Rxa5 Rb4 30. Rca1 Rxc4 31. Rxa7 Rxa7 32. Rxa7 Nxe4 33. Bxe4 Rxe4 34. Ra5 c4 35. d6 Ke8 36. Ra7 Rd4 37. Re7+ Kd8 38. Rxe5 Kd7 39. Rc5 Kxd6 40. Rc8 Rd1+ 41. Kh2 Rc1 42. Kg3 Kd5 43. Kf4 Kd4 44. Rd8+ Kc3 45. Rd7 Rc2 46. Ke3 Rc1 47. Rxf7 Re1+ 48. Kf3 Kc2 49. Rxh7 c3 50. Rc7 Kd2 51. Rd7+ Kc1 52. Rc7 c2 53. Kg4 Re2 54. Kg5 Rxf2 55. g4 Rf3 56. h4 Rg3 57. h5 gxh5 58. Kxh5 Kd1 59. Rxc2 Kxc2 60. g5 Kd3 61. Kg6 Ke4 62. Kf6 Rf3+ 63. Ke6 Ra3 64. g6 Ra6+ 65. Kf7 Ra7+ 66. Kf8 Ra8+ 67. Kf7 Kf5 68. g7 1/2-1/2